[Event "18th American Continental"]
[Site "Foz do Iguacu BRA"]
[Date "2025.05.23"]
[Round "1.52"]
[White "Menna Barreto, Felipe Kubiaki"]
[Black "Calcada, Henrique Galvan"]
[Result "1/2-1/2"]
[WhiteTitle "FM"]
[WhiteElo "2276"]
[BlackElo "1896"]
[WhiteFideId "2119757"]
[BlackFideId "22746080"]
[EventDate "2025.05.23"]

1. c4 c5 2. Nc3 Nc6 3. Nf3 g6 4. e3 Bg7 5. d4 cxd4 6. exd4 d6 7. d5 Ne5 8. Nxe5
Bxe5 9. Be2 h5 10. Be3 Nh6 11. Bd4 O-O 12. O-O Nf5 13. Bxe5 dxe5 14. Re1 f6 15.
Qd2 Kg7 16. Rad1 Nd4 17. Bf1 Bg4 18. Rc1 Qb6 19. b3 h4 20. Re4 Bf5 21. Rxh4 g5
22. Na4 Nxb3 23. axb3 Qxb3 24. Nc5 Qa3 25. Bd3 Qxc5 26. Bxf5 gxh4 27. Qe2 Rh8
28. Qg4+ Kf8 29. Be6 Qa3 30. Rd1 Qa4 31. d6 Rd8 32. d7 Qc2 33. h3 Qh7 34. Qf3 b6
35. Qb7 Qc2 36. Rf1 Kg7 37. Qxa7 Rb8 38. d8=Q Rbxd8 39. Qxe7+ Kg6 40. Qf7+ Kg5
41. Bd5 Qg6 42. Qb7 b5 43. f4+ Kh6 44. fxe5 fxe5 45. Qe7 Rde8 46. Qxh4+ Kg7 47.
Qe1 bxc4 48. Rf7+ Qxf7 49. Bxf7 Kxf7 50. Qf1+ Ke6 51. Qxc4+ Kd6 52. Qd3+ Ke6 1/2-1/2

[Event "18th American Continental"]
[Site "Foz do Iguacu BRA"]
[Date "2025.05.23"]
[Round "1.53"]
[White "Eger, Laura Luisa"]
[Black "Villarreal, Agustin"]
[Result "1/2-1/2"]
[BlackTitle "FM"]
[WhiteElo "1896"]
[BlackElo "2272"]
[WhiteFideId "22704825"]
[BlackFideId "125687"]
[EventDate "2025.05.23"]

1. e4 e5 2. Nf3 Nc6 3. Bc4 Nf6 4. d3 h6 5. c3 d6 6. a4 g6 7. a5 Bg7 8. O-O O-O
9. a6 b6 10. Re1 Kh7 11. Nbd2 Rb8 12. Bb5 Ne7 13. d4 c6 14. dxe5 dxe5 15. Bf1
Qc7 16. Nc4 Rd8 17. Qc2 Ne8 18. g3 f6 19. h4 b5 20. Ne3 Rb6 21. c4 Rxa6 22. Rxa6
Bxa6 23. Bd2 bxc4 24. Ra1 Bb5 25. Ba5 Qc8 26. Bxd8 Qxd8 27. Rxa7 Nc8 28. Ra1
Ned6 29. Nxc4 Bxc4 30. Bxc4 f5 31. exf5 Nxf5 32. Be6 e4 33. Ne1 1/2-1/2

[Event "18th American Continental"]
[Site "Foz do Iguacu BRA"]
[Date "2025.05.23"]
[Round "1.54"]
[White "Johnson, Joshua"]
[Black "Souza Neto, Hilton Vilarim De"]
[Result "1-0"]
[WhiteTitle "FM"]
[WhiteElo "2267"]
[BlackElo "1881"]
[WhiteFideId "7700768"]
[BlackFideId "2124033"]
[EventDate "2025.05.23"]

1. c4 Nf6 2. g3 g6 3. Bg2 Bg7 4. Nc3 O-O 5. d4 d6 6. h3 c6 7. Nf3 Nbd7 8. O-O
Re8 9. e4 e5 10. Re1 Qc7 11. Be3 a6 12. Rc1 b6 13. Qd2 Bb7 14. Bg5 Rad8 15. d5
c5 16. Bf1 Rb8 17. a3 Kh8 18. Kh2 Ng8 19. Bd3 f6 20. Be3 g5 21. Kg2 Ne7 22. h4
g4 23. Nh2 h5 24. Qd1 Bc8 25. f3 Nf8 26. fxg4 Qd7 27. gxh5 Qh3+ 28. Kh1 Kh7 29.
Qf3 Ng8 30. Bf1 Qd7 31. g4 Kh8 32. Rc2 Nh7 33. Rg2 Rf8 34. Qe2 Qe7 35. Qd2 Rf7
36. g5 fxg5 37. hxg5 Rf4 38. h6 Nxh6 39. Bxf4 exf4 40. gxh6 Be5 41. Nf3 Bh3 42.
Rg1 Bd7 43. Qg2 Rd8 44. Nxe5 dxe5 45. Qg7+ Qxg7 46. Rxg7 Nf6 47. Be2 Ng8 48. Rg6
Rf8 49. Reg1 Ne7 50. Rg7 Bh3 51. Rxe7 f3 52. Rgg7 1-0

[Event "18th American Continental"]
[Site "Foz do Iguacu BRA"]
[Date "2025.05.23"]
[Round "1.55"]
[White "Almeida, Luis Eduardo dos Reis"]
[Black "Silva, Caio Henrique Angelico"]
[Result "0-1"]
[WhiteElo "1873"]
[BlackElo "2261"]
[WhiteFideId "22793410"]
[BlackFideId "22777210"]
[EventDate "2025.05.23"]

1. e4 c6 2. d4 d5 3. Nc3 dxe4 4. Nxe4 Nf6 5. Nxf6+ exf6 6. Nf3 Bd6 7. Be2 O-O 8.
O-O Bg4 9. Re1 Qc7 10. h3 Bh5 11. Bd2 Nd7 12. c4 Rfd8 13. Bc3 Nf8 14. Nh4 Bg6
15. Nxg6 hxg6 16. Bf3 Bh2+ 17. Kh1 Be5 18. Qd2 Rac8 19. Qe3 Bf4 20. Qe7 Qb6 21.
c5 Qc7 22. g3 Qxe7 23. Rxe7 Bc7 24. Rd1 Ne6 25. d5 cxd5 26. Rxd5 Kf8 27. Rxd8+
Rxd8 28. Rxc7 Nxc7 29. Bxb7 Rd1+ 30. Kg2 Nd5 31. Ba5 Ke7 32. b4 Ke6 33. Ba6 Rc1
34. Bc8+ Ke5 35. Bd7 Rc4 36. a3 Rc3 37. a4 Rc4 38. f4+ Kd4 39. c6 Nb6 40. Bxb6+
axb6 41. a5 bxa5 42. b5 Kd5 43. Be8 Kd6 44. Bxf7 Rb4 45. Bxg6 a4 46. Bf7 Rxb5
47. Kf3 a3 48. Kg4 Kxc6 49. h4 Kd6 50. f5 Rd5 0-1

[Event "18th American Continental"]
[Site "Foz do Iguacu BRA"]
[Date "2025.05.23"]
[Round "1.56"]
[White "Lujan, Carolina"]
[Black "Pereira, Wilson Roberto de M."]
[Result "1-0"]
[WhiteTitle "IM"]
[WhiteElo "2259"]
[BlackElo "1869"]
[WhiteFideId "109878"]
[BlackFideId "2124653"]
[EventDate "2025.05.23"]

1. e4 e5 2. Nf3 Nf6 3. Nxe5 d6 4. Nf3 Nxe4 5. Bd3 Nf6 6. O-O Be7 7. Re1 O-O 8.
Bf1 Nc6 9. h3 Re8 10. d4 d5 11. c4 Be6 12. c5 h6 13. Nc3 Bf8 14. a3 g6 15. b4
Bg7 16. Bb2 Nh7 17. b5 Ne7 18. Ne5 c6 19. a4 Qc7 20. a5 a6 21. bxa6 bxa6 22. Na4
Bxe5 23. Rxe5 Ra7 24. Nb6 Nf6 25. Qe1 Kg7 26. Bd3 Bf5 27. Bxf5 Nxf5 28. Rxe8 1-0

[Event "18th American Continental"]
[Site "Foz do Iguacu BRA"]
[Date "2025.05.23"]
[Round "1.57"]
[White "Pavoni, Felipe Stevanin"]
[Black "Baules Rodriguez, Jorge Luis"]
[Result "0-1"]
[BlackTitle "IM"]
[WhiteElo "1868"]
[BlackElo "2257"]
[WhiteFideId "2189097"]
[BlackFideId "6600247"]
[EventDate "2025.05.23"]

1. e4 e5 2. Nf3 Nc6 3. Bc4 Nf6 4. d3 Bc5 5. c3 d6 6. Bb3 a5 7. Be3 Bxe3 8. fxe3
O-O 9. c4 Ng4 10. h3 Nxe3 11. Qe2 a4 12. Bxa4 Nf5 13. exf5 Rxa4 14. Nc3 Nd4 15.
Qf2 Ra5 16. Nxd4 exd4 17. Qxd4 Re8+ 18. Ne4 d5 19. b4 Ra6 20. cxd5 Rd6 21. O-O
Rxd5 22. Qb2 Bxf5 23. Rae1 Bg6 24. Nf2 Bxd3 25. Nxd3 Rxd3 26. Qf2 Rf8 27. Qc5
Rd6 28. Re4 b6 29. Qh5 h6 30. Ref4 Qd7 31. Re4 Rd2 32. Rg4 Qe6 33. a4 Qe3+ 34.
Kh2 Qe6 35. Rf3 Rd5 36. Qh4 Kh7 37. Rfg3 g6 38. Re4 Re5 39. Rge3 Rxe4 40. Rxe4
Qd6+ 41. Qg3 Ra8 42. Rf4 Kg8 43. b5 Qd1 44. Rc4 Rxa4 45. Rxc7 Ra1 46. Rc8+ Kh7
47. Qc3 Qd6+ 0-1

[Event "18th American Continental"]
[Site "Foz do Iguacu BRA"]
[Date "2025.05.23"]
[Round "1.58"]
[White "Martins, Vinicius Tine"]
[Black "Mayeregger Gonzalez, Fiorella Allegra"]
[Result "1-0"]
[WhiteTitle "FM"]
[BlackTitle "WCM"]
[WhiteElo "2257"]
[BlackElo "1867"]
[WhiteFideId "2112884"]
[BlackFideId "3708845"]
[EventDate "2025.05.23"]

1. Nf3 d5 2. e3 e6 3. c4 Nf6 4. b3 c5 5. Bb2 Nc6 6. cxd5 exd5 7. Bb5 Bd7 8. O-O
Bd6 9. d4 cxd4 10. Nxd4 O-O 11. Nc3 Re8 12. Rc1 Rc8 13. Be2 a6 14. Nxc6 Bxc6 15.
Bf3 Be5 16. Na4 Bxb2 17. Nxb2 Ne4 18. Bg4 Rc7 19. Qd4 Qg5 20. Bf3 Rd7 21. Rfd1
Nd6 22. Nd3 Nf5 23. Qf4 Qf6 24. Bg4 g6 25. Bxf5 gxf5 26. Qd4 Qd6 27. Qf4 Qf6 28.
Qg3+ Kh8 29. Nb4 Rg8 30. Qf3 Qe6 31. Nxc6 bxc6 32. g3 Rd6 33. Rc5 Qd7 34. Kg2
Rb8 35. Qf4 Re8 36. Qd4+ Kg8 37. Rdc1 Re4 38. Qc3 Ree6 39. Qd3 Rf6 40. Qxa6 f4
41. exf4 Rh6 42. Rg1 Qh3+ 43. Kf3 Qxh2 44. Qc8+ Kg7 45. Rcc1 d4 46. Rg2 Qh5+ 47.
Qg4+ Qxg4+ 48. Kxg4 Rhe6 49. Kf3 d3 50. Rd1 Re2 51. Rxd3 Rde6 52. a4 Re1 53. Rh2
Rb1 54. Rh5 Rb2 55. Re5 Rh6 56. Re2 Rb1 57. Ra2 c5 58. a5 Ra6 59. Rc3 Ra8 60.
Ra3 Rb8 1-0

[Event "18th American Continental"]
[Site "Foz do Iguacu BRA"]
[Date "2025.05.23"]
[Round "1.59"]
[White "Prado Oliveira, Fellipe"]
[Black "Silva, Kaua Marques"]
[Result "0-1"]
[BlackTitle "FM"]
[WhiteElo "1863"]
[BlackElo "2254"]
[WhiteFideId "2114895"]
[BlackFideId "22701168"]
[EventDate "2025.05.23"]

1. Nf3 d5 2. g3 c5 3. Bg2 Nc6 4. d4 Nf6 5. O-O e6 6. c4 dxc4 7. Qa4 Bd7 8. Qxc4
b5 9. Qc3 Rc8 10. dxc5 Nd5 11. Qc2 Ncb4 12. Qd1 Bxc5 13. a3 Nc2 14. e4 Nxa1 15.
exd5 a5 16. Nc3 b4 17. Ne4 Be7 18. d6 Bf6 19. Nxf6+ Qxf6 20. Bg5 Qxb2 21. Qxa1
Qxa1 22. Rxa1 b3 23. Rb1 a4 24. Ne5 f6 25. Nxd7 Kxd7 26. Bf4 Rc2 27. Bf1 Rb8 28.
h4 Ra2 29. Bc1 b2 30. Bd2 Ra1 31. Bd3 Rxb1+ 32. Bxb1 Rc8 33. Bd3 Rc1+ 34. Kg2
b1=Q 35. Bxb1 Rxb1 0-1

[Event "18th American Continental"]
[Site "Foz do Iguacu BRA"]
[Date "2025.05.23"]
[Round "1.60"]
[White "Pierrot, Facundo"]
[Black "Deretti, Lucas Jurk"]
[Result "1-0"]
[WhiteTitle "IM"]
[WhiteElo "2253"]
[BlackElo "1862"]
[WhiteFideId "103250"]
[BlackFideId "22779825"]
[EventDate "2025.05.23"]

1. d4 Nf6 2. c4 g6 3. Nc3 Bg7 4. Nf3 O-O 5. g3 d5 6. cxd5 Nxd5 7. Bg2 c5 8. O-O
Nxc3 9. bxc3 e5 10. Nxe5 Qa5 11. Qb3 Bxe5 12. dxe5 Nc6 13. Bh6 Re8 14. f4 Qc7
15. Qb5 Bd7 16. Qxc5 b6 17. Qf2 Rac8 18. g4 Be6 19. Qh4 Qe7 20. Bg5 Qf8 21. Bf6
h6 22. Rf3 Kh7 23. Rd1 Bxa2 24. f5 Qc5+ 25. Kh1 Nxe5 26. Qxh6+ 1-0

[Event "18th American Continental"]
[Site "Foz do Iguacu BRA"]
[Date "2025.05.23"]
[Round "1.61"]
[White "Gomes, Maria Eduarda Papini"]
[Black "Larrea, Manuel"]
[Result "0-1"]
[BlackTitle "FM"]
[WhiteElo "1858"]
[BlackElo "2246"]
[WhiteFideId "2158957"]
[BlackFideId "3000508"]
[EventDate "2025.05.23"]

1. d4 Nf6 2. c4 g6 3. Nc3 Bg7 4. e4 d6 5. Nf3 O-O 6. Be2 e5 7. O-O Nc6 8. d5 Ne7
9. b4 c6 10. Re1 a5 11. Ba3 axb4 12. Bxb4 c5 13. Bxc5 dxc5 14. Qc2 Ne8 15. Nb5
Nd6 16. a4 f5 17. Nd2 Nxe4 18. Nxe4 fxe4 19. Qxe4 Nf5 20. Qc2 e4 21. Ra3 Nd4 22.
Qc1 Qh4 23. g3 0-1

[Event "18th American Continental"]
[Site "Foz do Iguacu BRA"]
[Date "2025.05.23"]
[Round "1.62"]
[White "Rodrigues, Edgar"]
[Black "Luz, Jhonatan Rodrigues Da"]
[Result "1-0"]
[WhiteTitle "FM"]
[WhiteElo "2245"]
[BlackElo "1858"]
[WhiteFideId "2107090"]
[BlackFideId "2119501"]
[EventDate "2025.05.23"]

1. e4 c5 2. Nf3 d6 3. d4 cxd4 4. Nxd4 Nf6 5. Nc3 a6 6. Qf3 g6 7. Bg5 Bg7 8. h3
O-O 9. O-O-O Nbd7 10. Qe3 Qc7 11. Be2 b5 12. a3 Rb8 13. h4 b4 14. axb4 Rxb4 15.
h5 e5 16. Nb3 Rxb3 17. cxb3 Nc5 18. Bxf6 Bxf6 19. Nd5 Qd8 20. Nxf6+ Qxf6 21. Bc4
Be6 22. Rxd6 Rc8 23. Kb1 Qe7 24. hxg6 Bxc4 25. Qh3 Qxd6 26. gxh7+ Kf8 27. h8=Q+
Ke7 28. Q8xc8 Be6 29. Qh4+ f6 30. Qh7+ Bf7 31. Qxf7+ Kxf7 32. Rh7+ 1-0

[Event "18th American Continental"]
[Site "Foz do Iguacu BRA"]
[Date "2025.05.23"]
[Round "1.63"]
[White "Moura, Bernardo Lalane Mascarenha"]
[Black "Zallio, Luciano de Souza"]
[Result "0-1"]
[BlackTitle "CM"]
[WhiteElo "1854"]
[BlackElo "2243"]
[WhiteFideId "44704976"]
[BlackFideId "2109700"]
[EventDate "2025.05.23"]

1. d4 Nf6 2. c4 e6 3. Nf3 b6 4. g3 Bb7 5. Bg2 c5 6. d5 exd5 7. Nh4 d6 8. Nc3 Qc8
9. Nxd5 Nxd5 10. Bxd5 Nc6 11. O-O Be7 12. Ng2 O-O 13. Nf4 Re8 14. Bxf7+ Kh8 15.
Bxe8 Qxe8 16. Nd5 Qf7 17. Bf4 Re8 18. h4 Nd4 19. e3 Ne6 20. Nxe7 Qxe7 21. Qxd6
Qf6 22. Rad1 h6 23. Qe5 Qf7 24. Rd6 Nd4 25. exd4 Rxe5 26. dxe5 Qh5 27. f3 Qe8
28. e6 Kh7 29. Re1 Bxf3 30. e7 Bh5 31. Rd8 Qa4 32. e8=Q Bxe8 33. Rexe8 h5 34.
Rh8+ Kg6 35. Rd6+ Kf7 36. Rxh5 Qxa2 37. Rd7+ Ke8 38. Rxg7 Qb1+ 39. Kg2 Qxb2+ 40.
Kh3 Qxg7 41. Re5+ Kd7 42. Rd5+ Kc8 43. h5 a5 44. h6 Qg6 45. Kh4 Qe4 46. Rh5 Qe7+
47. Rg5 a4 48. Kh5 Qf7+ 49. Kh4 a3 50. Rg7 Qf6+ 51. Bg5 Qd4+ 52. Kh5 a2 53. Rg8+
Kb7 54. Rg7+ Kc8 55. Rg8+ Kc7 56. Rg7+ Kd6 57. Ra7 a1=Q 58. Rxa1 Qxa1 59. Kg6
Ke6 60. h7 Qh8 61. g4 Qe5 62. Bh4 Qe4+ 63. Kg7 Qxg4+ 0-1

[Event "18th American Continental"]
[Site "Foz do Iguacu BRA"]
[Date "2025.05.23"]
[Round "1.65"]
[White "Barandiaran, Gabriel"]
[Black "Terao, Juliana Sayumi"]
[Result "0-1"]
[BlackTitle "FM"]
[WhiteElo "1841"]
[BlackElo "2229"]
[WhiteFideId "3004694"]
[BlackFideId "2109220"]
[EventDate "2025.05.23"]

1. b3 e5 2. Bb2 Nc6 3. e4 Nf6 4. d3 d5 5. Nd2 Bc5 6. Be2 O-O 7. Ngf3 Re8 8. O-O
a5 9. c3 d4 10. cxd4 Nxd4 11. Nxd4 Bxd4 12. Bxd4 Qxd4 13. Rc1 c5 14. Qc2 b6 15.
Nc4 Qd8 16. Qb2 Qc7 17. Ne3 Ba6 18. g4 h6 19. Nf5 Rad8 20. Rfd1 Kh7 21. h4 g6
22. Nxh6 Kxh6 23. g5+ Kh7 24. gxf6 Qd6 25. Qd2 Qxf6 26. Qg5 Kg7 27. Qg3 Rh8 28.
h5 Rh6 29. Rf1 Qf4 30. Rfe1 Qxg3+ 31. fxg3 gxh5 32. Kf2 Bxd3 33. Rcd1 Rhd6 34.
Bxh5 c4 35. Ke3 cxb3 36. axb3 Bc2 37. Rxd6 Rxd6 0-1

[Event "18th American Continental"]
[Site "Foz do Iguacu BRA"]
[Date "2025.05.23"]
[Round "1.66"]
[White "Aguinaga, Maximiliano"]
[Black "Mariani, Kim Paul"]
[Result "1-0"]
[WhiteElo "2226"]
[BlackElo "1828"]
[WhiteFideId "119300"]
[BlackFideId "22779841"]
[EventDate "2025.05.23"]

1. e4 c5 2. Nc3 e6 3. g3 Nc6 4. Bg2 g6 5. d3 Bg7 6. f4 Nge7 7. Nf3 O-O 8. O-O
Rb8 9. Be3 d6 10. Qd2 b5 11. Nd1 a5 12. c3 Bb7 13. d4 cxd4 14. Nxd4 Nxd4 15.
Bxd4 Qd7 16. Bxg7 Kxg7 17. Ne3 Rfd8 18. f5 f6 19. fxg6 hxg6 20. Ng4 Ng8 21. Rxf6
e5 22. Qg5 Qe8 23. Raf1 Rd7 24. R6f2 Ba6 25. Bh3 Rc7 26. Ne3 Rd8 27. Nd5 Rb7 28.
Be6 1-0

[Event "18th American Continental"]
[Site "Foz do Iguacu BRA"]
[Date "2025.05.23"]
[Round "1.67"]
[White "Conor, Gilberto Bordignon"]
[Black "Ocampos, Ian"]
[Result "0-1"]
[WhiteElo "1813"]
[BlackElo "2219"]
[WhiteFideId "22782770"]
[BlackFideId "117544"]
[EventDate "2025.05.23"]

1. e4 c5 2. Nf3 d6 3. d4 cxd4 4. Nxd4 Nf6 5. Nc3 a6 6. Bg5 e6 7. f4 Qc7 8. Qe2
b5 9. O-O-O b4 10. Nd5 exd5 11. exd5+ Be7 12. Bxf6 gxf6 13. Re1 Ra7 14. g4 Qc5
15. Qe4 Kd8 16. Bd3 Rc7 17. Nf5 Bxf5 18. Qxf5 Nd7 19. Re2 Nb6 20. Be4 Qc4 21.
Rhe1 Qxa2 22. b3 Qxb3 23. Re3 Qa4 24. Bd3 Qa1+ 25. Kd2 Qd4 26. Re4 Qxd5 27. Rxb4
Qxf5 28. Bxf5 Rc6 29. Rbe4 Re8 30. Bxh7 d5 31. Rd4 Rh8 32. Bd3 Bc5 0-1

[Event "18th American Continental"]
[Site "Foz do Iguacu BRA"]
[Date "2025.05.23"]
[Round "1.68"]
[White "Toniutti, Ezio"]
[Black "Navarro Canete, Facundo Javier"]
[Result "1/2-1/2"]
[WhiteTitle "FM"]
[WhiteElo "2215"]
[BlackElo "1811"]
[WhiteFideId "113034"]
[BlackFideId "3712532"]
[EventDate "2025.05.23"]

1. d4 Nf6 2. c4 g6 3. Nc3 Bg7 4. e4 d6 5. h3 O-O 6. Be3 Nbd7 7. g4 c5 8. Nge2 a6
9. Bg2 cxd4 10. Nxd4 Ne5 11. b3 Bd7 12. f4 Nc6 13. Qd2 Nxd4 14. Bxd4 Ne8 15. O-O
Rc8 16. Rac1 Bc6 17. Rfd1 f5 18. exf5 gxf5 19. g5 Qa5 20. Qe3 Bxd4 21. Rxd4 e5
22. fxe5 Qxe5 23. Bd5+ Kh8 24. Re1 Qxe3+ 25. Rxe3 Ng7 26. Bxc6 Rxc6 27. Nd5 Re8
28. Rxe8+ Nxe8 29. Rf4 Ng7 30. Rh4 Ne6 31. g6 h6 32. Rxh6+ Kg7 33. Rh7+ Kxg6 34.
Rxb7 Kg5 35. Rb8 Rc5 36. Kf2 f4 37. Rb6 Ra5 38. a4 Nd4 39. Nc3 Re5 40. Rxa6 Nxb3
41. Rxd6 Re3 42. Rd5+ Kg6 43. Ne2 Re4 44. Rd6+ Kf7 45. Rd7+ Ke6 46. Rb7 Nd2 47.
Rb6+ Kf7 48. a5 Rxc4 49. a6 Ra4 50. Rb7+ Ke6 51. a7 Ne4+ 52. Kg2 Nd6 53. Rh7 Nc8
54. Nxf4+ Kf5 55. Rf7+ Ke4 56. Ne6 Rxa7 57. Ng5+ Ke5 58. Nf3+ Ke6 59. Rf4 Rg7+
60. Kf2 Nd6 61. h4 Nf5 62. Re4+ Kf6 63. Ra4 Re7 64. Ra6+ Re6 65. Ra8 Kg7 66.
Ra7+ Kg6 67. Ra4 Kf6 68. Rg4 Re7 69. h5 Rg7 70. Ra4 Rh7 71. Ra6+ Kg7 72. Rg6+
Kh8 73. Rg5 Ng7 74. Ne5 Rxh5 1/2-1/2

[Event "18th American Continental"]
[Site "Foz do Iguacu BRA"]
[Date "2025.05.23"]
[Round "1.69"]
[White "Da Silva, Joao Carlos Orguim"]
[Black "Pires, Marcos Vinicius Torsani"]
[Result "0-1"]
[BlackTitle "FM"]
[WhiteElo "1809"]
[BlackElo "2204"]
[WhiteFideId "2121654"]
[BlackFideId "2118939"]
[EventDate "2025.05.23"]

1. d4 d5 2. e3 Nf6 3. Bd3 c5 4. c3 Nc6 5. Nd2 e5 6. dxc5 Bxc5 7. b4 Bd6 8. Bb2
O-O 9. Be2 Re8 10. Nb3 a5 11. b5 Ne7 12. a4 Ng6 13. Nf3 Qe7 14. O-O e4 15. Ne1
Qe5 16. g3 h5 17. Ng2 h4 18. Nd4 Qg5 19. f4 exf3 20. Nxf3 Qh6 21. Nfxh4 Nxh4 22.
Rxf6 Qxf6 23. Nxh4 Rxe3 24. Qd2 Bc5 25. Kg2 Qe6 26. Bd3 Qh3+ 27. Kh1 Rxg3 28.
Qe2 Bg4 29. Qe5 Bf3+ 0-1

[Event "18th American Continental"]
[Site "Foz do Iguacu BRA"]
[Date "2025.05.23"]
[Round "1.70"]
[White "Tomiello, Mateus Costamilan"]
[Black "Moccero, Eduardo"]
[Result "1-0"]
[WhiteTitle "FM"]
[WhiteElo "2199"]
[BlackElo "1804"]
[WhiteFideId "22701958"]
[BlackFideId "103373"]
[EventDate "2025.05.23"]

1. c4 e6 2. Nf3 d5 3. g3 c5 4. Bg2 Nc6 5. cxd5 exd5 6. d4 Nf6 7. Nc3 Be7 8. O-O
O-O 9. Bf4 cxd4 10. Nxd4 h6 11. Rc1 Be6 12. Nxc6 bxc6 13. Na4 Rc8 14. Be3 Qa5
15. Bc5 Rfe8 16. a3 Bg4 17. Re1 Bf8 18. Bxf8 Kxf8 19. b4 Qd8 20. Nc5 Re7 21. Qd2
Qe8 22. e3 Bf5 23. Qd4 Kg8 24. Rc3 Ne4 25. Nxe4 Bxe4 26. Rec1 Bxg2 27. Kxg2 Re4
28. Qxd5 Rxe3 29. fxe3 Rd8 30. Qf3 Rd2+ 31. Kg1 1-0

[Event "18th American Continental"]
[Site "Foz do Iguacu BRA"]
[Date "2025.05.23"]
[Round "1.71"]
[White "Serafim Junior, Arnor"]
[Black "Muniz, Francisco Allysson da S."]
[Result "0-1"]
[WhiteElo "1804"]
[BlackElo "2197"]
[WhiteFideId "2130750"]
[BlackFideId "2184753"]
[EventDate "2025.05.23"]

1. c4 c6 2. Nf3 Nf6 3. b3 d5 4. Bb2 Nbd7 5. e3 e6 6. Be2 Bd6 7. d4 Ne4 8. O-O
O-O 9. Nc3 f5 10. Nxe4 fxe4 11. Ne5 Qg5 12. Nxd7 Bxd7 13. Bg4 Rf6 14. g3 Raf8
15. Rc1 Be8 16. h4 Qg6 17. h5 Qg5 18. Qe2 Kh8 19. Kg2 Rf3 0-1

[Event "18th American Continental"]
[Site "Foz do Iguacu BRA"]
[Date "2025.05.23"]
[Round "1.72"]
[White "Nemeth Junior, Henrique"]
[Black "Brand, Lethicia Soethe"]
[Result "1-0"]
[WhiteElo "2189"]
[BlackElo "1799"]
[WhiteFideId "2118815"]
[BlackFideId "22725458"]
[EventDate "2025.05.23"]

1. c4 Nf6 2. Nc3 c5 3. Nf3 Nc6 4. e3 e6 5. d4 cxd4 6. exd4 d5 7. a3 Be7 8. Bf4
O-O 9. c5 Ne4 10. Bd3 Nxc3 11. bxc3 b6 12. cxb6 axb6 13. h4 f6 14. Qc2 f5 15. a4
Ba6 16. Bxa6 Rxa6 17. Qe2 Qc8 18. O-O Bf6 19. Rfe1 Re8 20. Bg5 Qa8 21. Bxf6 gxf6
22. Qe3 Kg7 23. h5 Nd8 24. Nh4 Rf8 25. Qg3+ Kh8 26. Qd6 Rf7 27. Nxf5 b5 28. Qf4
Rxa4 29. Rab1 e5 30. Rxe5 fxe5 31. Qxe5+ Kg8 32. Qe8+ Rf8 33. Ne7+ Kg7 34. h6+
Kf6 35. Qxf8+ Ke6 36. Re1+ Kd7 37. Qf5+ Kc7 38. Nxd5+ Kc6 39. Nb4+ Kb6 40. Qc5+
Kb7 41. Re7+ 1-0

[Event "18th American Continental"]
[Site "Foz do Iguacu BRA"]
[Date "2025.05.23"]
[Round "1.73"]
[White "De Fassio, Davi Dos Santos"]
[Black "Aranha Filho, Alvaro Z."]
[Result "1/2-1/2"]
[BlackTitle "FM"]
[WhiteElo "1796"]
[BlackElo "2184"]
[WhiteFideId "44705395"]
[BlackFideId "2103931"]
[EventDate "2025.05.23"]

1. e4 c5 2. Nf3 Nc6 3. d4 cxd4 4. Nxd4 Nf6 5. Nc3 e5 6. Ndb5 d6 7. Nd5 Nxd5 8.
exd5 Nb8 9. c4 a6 10. Nc3 Be7 11. Bd3 O-O 12. O-O f5 13. f3 Nd7 14. Be3 Bg5 15.
Bf2 b6 16. Qc2 g6 17. b4 Bb7 18. Rad1 Kh8 19. Na4 Qc7 20. b5 axb5 21. cxb5 Nc5
22. Nxc5 bxc5 23. Bc4 Ra3 24. Rd3 Rxd3 25. Qxd3 Ra8 26. Be1 Bf6 27. Bc3 Qg7 28.
Qc2 e4 29. Bxf6 Qxf6 1/2-1/2

[Event "18th American Continental"]
[Site "Foz do Iguacu BRA"]
[Date "2025.05.23"]
[Round "1.75"]
[White "Boghi, Victor Almeida"]
[Black "Mayta Aiza, Maveric"]
[Result "0-1"]
[BlackTitle "CM"]
[WhiteElo "1786"]
[BlackElo "2184"]
[WhiteFideId "2179067"]
[BlackFideId "3307336"]
[EventDate "2025.05.23"]

1. Nf3 Nf6 2. g3 g6 3. Bg2 Bg7 4. O-O O-O 5. d3 d5 6. Nbd2 c5 7. e4 Nc6 8. h3 d4
9. Ne1 e5 10. f4 Nh5 11. Kh2 exf4 12. gxf4 Qh4 13. Qf3 Nxf4 14. Nc4 Nxg2 15.
Nxg2 Qe7 16. a4 Be6 17. Nf4 Bxc4 18. dxc4 Rae8 19. Re1 f5 20. Nd5 Qe5+ 21. Bf4
fxe4 22. Bxe5 Bxe5+ 23. Qg3 Rf2+ 24. Kg1 Bxg3 0-1

[Event "18th American Continental"]
[Site "Foz do Iguacu BRA"]
[Date "2025.05.23"]
[Round "1.76"]
[White "Luz, Arthur Nader"]
[Black "Ramos, Beny Irwing Pankiewicz"]
[Result "1-0"]
[WhiteElo "2184"]
[BlackElo "1773"]
[WhiteFideId "2148838"]
[BlackFideId "22725270"]
[EventDate "2025.05.23"]

1. d4 d5 2. c4 e6 3. Nf3 Be7 4. Nc3 Nf6 5. cxd5 exd5 6. Bg5 O-O 7. Qc2 c6 8. e3
h6 9. Bxf6 Bxf6 10. Bd3 Re8 11. h3 Qb6 12. O-O-O Na6 13. a3 Be6 14. Kb1 c5 15.
Na4 Qc6 16. Bxa6 bxa6 17. Nxc5 a5 18. Rc1 Rab8 19. g4 Rec8 20. Ne1 Be7 21. Ned3
Qb6 22. Qd2 Bd6 23. Rc3 h5 24. f3 Rc6 25. Rhc1 hxg4 26. hxg4 Rbc8 27. Qg2 R6c7
28. f4 Bxc5 29. Nxc5 Qd6 30. f5 Bd7 31. Qh3 Be8 32. Rh1 Kf8 33. Qh8+ Ke7 34.
Qxg7 Qf6 35. Qh6 Rc6 36. Qf4 Qd6 37. Qf3 R8c7 38. g5 Kd8 39. Rh6 Qe7 40. Qxd5+
Kc8 41. Rh8 Rxc5 42. Rxc5 Rxc5 43. Qxc5+ Qxc5 44. dxc5 Kd7 45. c6+ 1-0